Colours by Clue #2 - Statistics

General Stats
  • This quiz has been taken 32 times
    19 since last reset
  • The average score is 8 of 17
Answer Stats
Clue Colour % Correct
Third place Bronze
89%
A hedgehog Brown
83%
Raspberry ice cream Pink
72%
The bottom stripe of a rainbow Violet
72%
The small 'g' in the Google logo Blue
61%
The middle of a sunflower Dark Brown
61%
Old photos Grayscale
61%
Fir tree needles in Summer Green
61%
The play button in the YouTube app's logo White
61%
A musical brick road Yellow
61%
The Colonel in Cluedo Mustard
50%
The bottom stripe of the second rainbow in a double rainbow Red
33%
Copper Carbonate Green
22%
Burning potassium Lilac
22%
Rose colour found only in Turkey Black
11%
Cuprum Copper
11%
A polar bear's fur Transparent
11%
No matching quizzes found
Score Distribution
Percent of People with Each Score
Percentile by Number Answered
Your Score History
You have not taken this quiz since the last reset